000 01298 a2200193 4500
003 NUST
005 20230605124731.0
010 _a 86229027
020 _a0078812402 (pbk.)
040 _cNust
082 0 0 _a005.43,SCE
100 1 _aScellato, Donald J.
_9112984
245 1 4 _aThe advanced guide to Microsoft Works /
_cDonald J. Scellato.
260 _aBerkeley, Calif. :
_bOsborne McGraw-Hill,
_cc1986.
300 _axvi, 269 p. ;
_bill. ;
_c24 cm.
505 _aThe Evolution Of Personal Computers And Integrated Software (Page-1), The Macintosh And MS Works (Page-10), Introducing The MS Works Database Manager (Page-26), Introducing The MS Works Spreadsheet Program (Page-46), Introducing The MS Works Spreadsheet Graphics Program (Page-80), Introducing The MS Works Comm. Program (Page-98), Introducing The MS Works Word Processing Program (Page-112), Introduction To Integration (Page-130), Using MS Works Integration At School (Page-142), Using MS Works Integration (Page-162), Using Data From Other Software Packages In MS Works (Page-180), Printers To Use With MS Works (Page-198), Using Special Input Devices With MS Works (Page-216), Troubleshooting (Page-230), Graduating To Excel (Page-246).
650 0 _aMacintosh (Computer)
_xProgramming.
_944489
942 _2ddc
_cBK
_k005.43,SCE
999 _c179784
_d179784